000 00507 a2200169 4500
003 OSt
005 20250702152306.0
008 250702b |||||||| |||| 00| 0 eng d
020 _a9788119684359
040 _coclc
082 _a305.56880954
_bSWA/A
100 _aSwami, Sunita
_910600
245 _aAmbedkar and Dalit Movements /
_cDr. Sunita Swami
260 _aJaipur:
_bBook Enclave,
_c2024.
300 _a252 pages
942 _2ddc
_cBK
_h305.56880954
_iSWA/A
_k305.56880954
_mSWA/A
999 _c44592
_d44592